[Event "Kesarovski Georgiev Memorial 5th"]
[Site "Sunny Beach"]
[Date "2006.09.10"]
[Round "9.34"]
[White "Hald, Jens Erik Kofoed"]
[Black "Kolev, Veselin"]
[Result "1-0"]
[WhiteElo "2199"]
[BlackElo "2013"]
[PlyCount "75"]
[EventDate "2006.09.02"]
[EventType "swiss"]
[EventRounds "9"]
[EventCountry "BUL"]
[SourceTitle "CBM 114 Extra"]
[Source "ChessBase"]
[SourceDate "2006.11.03"]
[SourceVersion "1"]
[SourceVersionDate "2006.11.03"]
[SourceQuality "1"]

1. e4 e5 2. Bc4 Bc5 3. Nc3 Nf6 4. d3 Nc6 5. a3 a6 6. Nf3 Ng4 7. 0-0 d6 8. Nd5 h6 9. c3 Nf6 10. d4 Ba7 11. dxe5 dxe5 12. Qe2 Bg4 13. Rd1 Qc8 14. Be3 Bxe3 15. Qxe3 Nd7 16. Rd2 Nf8 17. Nb4 Nxb4 18. axb4 Ng6 19. h3 Be6 20. Bxe6 Qxe6 21. Qc5 Qe7 22. Rad1 Qxc5 23. bxc5 Rc8 24. g3 0-0 25. h4 Rfe8 26. h5 Nf8 27. Rd5 f6 28. Nh4 Ne6 29. Nf5 Rcd8 30. b4 Rxd5 31. exd5 Rd8 32. Kf1 Ng5 33. d6 c6 34. Ke2 Ne4 35. Rd3 Rd7 36. f4 exf4 37. gxf4 Kf7 38. Kf3 1-0

[Event "Kesarovski Georgiev Memorial 5th"]
[Site "Sunny Beach"]
[Date "2006.09.09"]
[Round "8.32"]
[White "Kolev, Veselin"]
[Black "Chervenkov, Dinko"]
[Result "0-1"]
[WhiteElo "2013"]
[BlackElo "1958"]
[PlyCount "160"]
[EventDate "2006.09.02"]
[EventType "swiss"]
[EventRounds "9"]
[EventCountry "BUL"]
[SourceTitle "CBM 114 Extra"]
[Source "ChessBase"]
[SourceDate "2006.11.03"]
[SourceVersion "1"]
[SourceVersionDate "2006.11.03"]
[SourceQuality "1"]

1. e4 e5 2. d4 exd4 3. Qxd4 Nc6 4. Qe3 Nf6 5. Nc3 Bb4 6. Bd2 d6 7. Bc4 0-0 8. 0-0-0 Re8 9. Qf4 Ne5 10. Be2 Ng6 11. Qf3 Bxc3 12. Bxc3 Nxe4 13. Bc4 Qg5+ 14. Bd2 Qf5 15. Be3 Bd7 16. Qe2 Nf6 17. h3 Bc6 18. Nf3 Nf4 19. Qf1 Nxg2 20. Nh4 Nxe3 21. Nxf5 Nxf1 22. Rhxf1 Bd7 23. Bd3 Re5 24. Nh4 Bxh3 25. Rh1 Bd7 26. Rdg1 g6 27. f4 Re3 28. f5 Bc6 29. Rh2 Rae8 30. Kd2 Kf8 31. Rf2 Rh3 32. fxg6 hxg6 33. Nxg6+ fxg6 34. Rxf6+ Ke7 35. Rgxg6 Kd8 36. Rg7 Rhe3 37. Bg6 Re2+ 38. Kc3 R2e7 39. Bxe8 Rxg7 40. Bxc6 bxc6 41. Rf8+ Kd7 42. Ra8 Rg3+ 43. Kb4 Rg4+ 44. Kb3 Rg3+ 45. c3 d5 46. Rxa7 c5 47. Ra4 Kc6 48. Rh4 Kb5 49. Rh2 d4 50. Rh5 d3 51. c4+ Kb6 52. Rd5 c6 53. Rd7 d2+ 54. Kc2 Rg4 55. Rxd2 Rxc4+ 56. Kb3 Kb5 57. Rd8 Rb4+ 58. Kc3 Rc4+ 59. Kb3 Rf4 60. Rb8+ Ka6 61. a3 Ka7 62. Rh8 Kb6 63. Rb8+ Kc7 64. Ra8 Kb7 65. Ra4 Rf3+ 66. Ka2 Kb6 67. Rc4 Kb5 68. Rh4 c4 69. Rh1 c3 70. Rh5+ Kc4 71. b3+ Kd4 72. b4 Rf2+ 73. Kb3 Rb2+ 74. Ka4 c2 75. Rc5 Kd3 76. Rxc6 Rb1 77. Rd6+ Ke4 78. Rc6 c1Q 79. Rxc1 Rxc1 80. Kb5 Kd5 0-1